Breve y sumaria relación de los señores de la Nueva España. (Record no. 162400)

MARC details
000 -LEADER
campo de control de longitud fija 00982nam a22002295i 4500
001 - NÚMERO DE CONTROL
campo de control 162400
003 - IDENTIFICADOR DE NÚMERO DE CONTROL
campo de control ES-MaACL
005 - FECHA Y HORA DE LA ÚLTIMA TRANSACCIÓN
campo de control 20250821063101.0
008 - DATOS DE LONGITUD FIJA--INFORMACIÓN GENERAL
campo de control de longitud fija 990923s1891 mx |||| | spa d
040 ## - FUENTE DE CATALOGACIÓN
Centro catalogador/agencia de origen CCPB | B
Lengua de catalogación spa
Centro/agencia transcriptor CCPB | B
100 1# - ENTRADA PRINCIPAL--NOMBRE DE PERSONA
Nombre de persona Zorita, Alonso de,
Fechas asociadas al nombre ca. 1512-1585
9 (RLIN) 157785
245 10 - MENCIÓN DEL TÍTULO
Título Breve y sumaria relación de los señores de la Nueva España.
260 ## - PUBLICACIÓN, DISTRIBUCIÓN, ETC.
Lugar de publicación, distribución, etc. México :
Nombre del editor, distribuidor, etc. [s.n.],
Fecha de publicación, distribución, etc. 1891 (
Fabricante Imprenta de Francisco Díaz de León)
300 ## - DESCRIPCIÓN FÍSICA
Extensión XLVII, 319 p. ;
Dimensiones 22 cm.
490 1# - MENCIÓN DE SERIE
Mención de serie Nueva colección de documentos para la historia de México
505 8# - NOTA DE CONTENIDO CON FORMATO
Nota de contenido con formato Contiene: Pomar. Relación de Tezcoco ; Zurita. Breve relación de los Señores de la nueva España ; Varias relaciones antiguas
650 #4 - PUNTO DE ACCESO ADICIONAL DE MATERIA--TÉRMINO DE MATERIA
Término de materia o nombre geográfico como elemento de entrada Aztecas.
9 (RLIN) 10469
651 #4 - PUNTO DE ACCESO ADICIONAL DE MATERIA--NOMBRE GEOGRÁFICO
Nombre geográfico México-
Subdivisión general Historia-
Subdivisión cronológica 1521-1821, Época colonial.
9 (RLIN) 158070
830 0# - PUNTO DE ACCESO ADICIONAL DE SERIE-TÍTULO UNIFORME
Título uniforme Nueva colección de documentos para la historia de México
9 (RLIN) 182043
852 ## - LOCALIZACIÓN
Ubicación ES-MaACL
Número de control de estantería B-5360
Nota libre -- Enc. hol.
Holdings
Estatus retirado Estado de pérdida Estado de daño No para préstamo Colección Biblioteca de origen Biblioteca actual Ubicación en estantería Fecha de adquisición Fuente de adquisición Total de préstamos Signatura topográfica completa Código de barras Visto por última vez Precio de reemplazo Tipo de ítem Koha
        Libros del s. XIX Biblioteca del Ateneo de Madrid Biblioteca del Ateneo de Madrid Sala Pardo Bazán 17/01/2008     B-5360 1170136 23/02/2023 23/02/2023 Libro impreso antiguo